[Event "11th Essent op"]
[Site "Hoogeveen NED"]
[Date "2007.10.13"]
[Round "2.22"]
[White "Pijpers, Arthur"]
[Black "Kodentsov, Grigori"]
[Result "1/2-1/2"]
[WhiteElo "2000"]
[BlackElo "2307"]
[EventDate "2007.10.12"]
[PlyCount "93"]

1.e4 g6 2.d4 Bg7 3.Nc3 c6 4.Be3 d5 5.f3 dxe4 6.fxe4 e5 7.d5 Nf6 8.Nf3 Ng4 
9.Bg1 O-O 10.h3 Nf6 11.Qd2 cxd5 12.exd5 e4 13.Nh2 Nh5 14.Bc5 Ng3 15.Rg1 
Re8 16.O-O-O Nf5 17.g4 e3 18.Qd3 Qc7 19.Qb5 Bd7 20.d6 Qc8 21.Qc4 Nh4 22.
Bd4 Qxc4 23.Bxc4 Bxd4 24.Rxd4 Nc6 25.Re4 Kg7 26.Re1 f5 27.R4xe3 Rxe3 28.
Rxe3 f4 29.Re1 Rf8 30.Ne4 Ng2 31.Re2 Ne3 32.Bb3 Ne5 33.Nc5 Rd8 34.Ba4 b5 
35.Bxb5 Bxb5 36.Rxe3 fxe3 37.Ne6+ Kf6 38.Nxd8 Bd7 39.Nb7 Kg5 40.Kd1 Kf4 
41.Ke1 Kg3 42.Nf1+ Kf3 43.Nc5 Bb5 44.c4 Nxc4 45.d7 Bxd7 46.Nxd7 e2 47.Nh2+
1/2-1/2

[Event "11th Essent op"]
[Site "Hoogeveen NED"]
[Date "2007.10.13"]
[Round "2.23"]
[White "Christensen, Stefan"]
[Black "Otte, Marijn Willem"]
[Result "1-0"]
[WhiteElo "2304"]
[BlackElo "2155"]
[EventDate "2007.10.12"]
[PlyCount "73"]

1.e4 c5 2.c3 Nf6 3.e5 Nd5 4.d4 cxd4 5.Nf3 e6 6.Bc4 Nc6 7.cxd4 d6 8.O-O Be7
9.a3 O-O 10.Re1 Bd7 11.Bd3 Rc8 12.Qe2 Qb6 13.Qe4 f5 14.exf6 Nxf6 15.Qh4 e5
16.dxe5 Nxe5 17.Nxe5 dxe5 18.Nc3 Nh5 19.Bxh7+ Kh8 20.Bg5 Bxg5 21.Qxg5 Rxf2
22.Kh1 Nf6 23.Bd3 Qd4 24.Ne4 Rf5 25.Qg3 Nh5 26.Qe3 Qxe3 27.Rxe3 Rff8 28.
Nd6 Rc6 29.Nc4 Nf4 30.Nxe5 Re8 31.Bb5 Rce6 32.Nf7+ Kg8 33.Rxe6 Rxe6 34.
Bxd7 Re7 35.Bb5 Kxf7 36.Rf1 Kg6 37.Rxf4 1-0

[Event "11th Essent op"]
[Site "Hoogeveen NED"]
[Date "2007.10.13"]
[Round "2.24"]
[White "Potze, Rudolf"]
[Black "Miedema, David"]
[Result "0-1"]
[WhiteElo "2137"]
[BlackElo "2303"]
[EventDate "2007.10.12"]
[PlyCount "70"]

1.e4 e6 2.d4 d5 3.e5 c5 4.c3 Nc6 5.Nf3 Bd7 6.a3 f6 7.Bd3 Qc7 8.exf6 Nxf6 
9.O-O Bd6 10.dxc5 Bxc5 11.c4 O-O 12.Nc3 Ne5 13.Nxe5 Qxe5 14.Qe2 Qxe2 15.
Bxe2 dxc4 16.Bf3 Bc6 17.Bxc6 bxc6 18.Bg5 Bd4 19.Bxf6 Rxf6 20.Rac1 Raf8 21.
Nd1 Rf4 22.g3 Re4 23.Kg2 Bf6 24.Rc2 Rb8 25.f3 Rd4 26.Ne3 c3 27.bxc3 Rd3 
28.Ng4 Rb3 29.Rfc1 Rxa3 30.Kf2 Bxc3 31.Ke2 Ba5 32.Rxc6 Rd2+ 33.Kf1 Rxf3+ 
34.Kg1 Bb6+ 35.Kh1 h5 0-1

[Event "11th Essent op"]
[Site "Hoogeveen NED"]
[Date "2007.10.13"]
[Round "2.25"]
[White "Schut, Donna"]
[Black "Willemze, Thomas"]
[Result "1/2-1/2"]
[WhiteElo "1999"]
[BlackElo "2417"]
[EventDate "2007.10.12"]
[PlyCount "140"]

1.e4 c6 2.d4 d5 3.exd5 cxd5 4.c4 Nf6 5.Nc3 e6 6.Nf3 Bb4 7.cxd5 Nxd5 8.Qc2 
O-O 9.Bd3 h6 10.O-O Nc6 11.a3 Be7 12.Be3 a6 13.Rad1 Nxc3 14.Qxc3 Re8 15.
Be4 Bf6 16.Bxc6 bxc6 17.Qxc6 Rb8 18.Ne5 Rxb2 19.Ng4 Be7 20.d5 exd5 21.
Nxh6+ Kf8 22.Rxd5 Bb7 23.Rf5 Bf6 24.Bc5+ Re7 25.Qd6 Qxd6 26.Bxd6 Rb6 27.
Bxe7+ Kxe7 28.Ng4 Bc3 29.Rc5 Rb3 30.Rc1 Bd2 31.Rd1 Bf4 32.Rc4 g5 33.Rcd4 
Bc8 34.Re1+ Be6 35.g3 Bd6 36.a4 Bb4 37.Re3 Rb1+ 38.Kg2 Bc5 39.Rxe6+ fxe6 
40.Rc4 Kd6 41.Nf6 Bb4 42.h4 gxh4 43.gxh4 Ke5 44.Ng4+ Kf5 45.Ne3+ Kf6 46.
Kf3 a5 47.Rg4 Ra1 48.h5 Rh1 49.Nc2 Bc3 50.Rc4 Rxh5 51.Kg4 Rg5+ 52.Kf3 Bd2 
53.Ke2 Bc1 54.Ne3 Ba3 55.Kd3 Rg1 56.Rf4+ Ke7 57.Nc2 Bd6 58.Re4 Kf6 59.Nd4 
e5 60.Nc6 Bc7 61.Na7 Rd1+ 62.Kc2 Rf1 63.Rc4 Rxf2+ 64.Kd3 Bd8 65.Rc8 Be7 
66.Nc6 Bd6 67.Nxa5 Ra2 68.Nc4 Bb4 69.a5 Kf5 70.Re8 Kf4 1/2-1/2

[Event "11th Essent op"]
[Site "Hoogeveen NED"]
[Date "2007.10.13"]
[Round "2.26"]
[White "Safarli, Eltaj"]
[Black "Middelveld, Martine"]
[Result "1-0"]
[WhiteElo "2488"]
[BlackElo "2009"]
[EventDate "2007.10.12"]
[PlyCount "117"]

1.e4 e6 2.d4 d5 3.exd5 exd5 4.Nf3 Bd6 5.c4 c6 6.Nc3 Ne7 7.Be2 O-O 8.O-O 
Nd7 9.h3 dxc4 10.Bxc4 Nb6 11.Bb3 Nbd5 12.Re1 Bf5 13.Ne5 f6 14.Nc4 Bc7 15.
Qf3 Bg6 16.Ne4 Bf7 17.Nc5 Qc8 18.Bd2 b6 19.Ne4 Qd7 20.Ng3 Rae8 21.h4 Ng6 
22.h5 Nh4 23.Qd3 Nf4 24.Bxf4 Bxf4 25.Bc2 f5 26.Ne3 Bxe3 27.fxe3 Qd5 28.Re2
Qc4 29.Rf1 Qxd3 30.Bxd3 Bxa2 31.Rf4 g5 32.hxg6 Nxg6 33.Rxf5 Rxf5 34.Nxf5 
Bd5 35.g3 Be4 36.Bxe4 Rxe4 37.Rc2 Ne7 38.Nxe7+ Rxe7 39.Kf2 Re6 40.b4 Kf7 
41.Kf3 Rf6+ 42.Ke2 Ke7 43.Ra2 Kd6 44.Rxa7 h6 45.Rb7 b5 46.Rg7 Kd5 47.Kd3 
Rf1 48.e4+ Ke6 49.Rg6+ Kd7 50.Ke3 Rb1 51.Kf4 Rxb4 52.Ke5 h5 53.Rg7+ Kd8 
54.Rh7 Rb3 55.Kd6 Ke8 56.Kxc6 Rxg3 57.Rxh5 b4 58.Rb5 Rg4 59.Kd5 1-0

[Event "11th Essent op"]
[Site "Hoogeveen NED"]
[Date "2007.10.13"]
[Round "2.27"]
[White "Van Apeldoorn, Janton"]
[Black "Hillarp Persson, Tiger"]
[Result "0-1"]
[WhiteElo "2188"]
[BlackElo "2567"]
[EventDate "2007.10.12"]
[PlyCount "82"]

1.e4 g6 2.d4 Bg7 3.Nc3 d6 4.f4 a6 5.Nf3 b5 6.Bd3 Nd7 7.e5 c5 8.e6 fxe6 9.
Ng5 Bxd4 10.Nxe6 Bxc3+ 11.bxc3 Qb6 12.Qf3 d5 13.Qxd5 Bb7 14.Ng7+ Kd8 15.
Qf7 Ngf6 16.c4 Bxg2 17.Rg1 Bh3 18.f5 Ne5 19.Qe6 Qxe6 20.Nxe6+ Kd7 21.Rg3 
Bxf5 22.Bxf5 gxf5 23.Nxc5+ Kc6 24.Ne6 Nxc4 25.Nd4+ Kc5 26.Nxf5 Nd5 27.Bh6 
Rhg8 28.Ng7 Kc6 29.O-O-O Raf8 30.Ne6 Rxg3 31.Bxf8 Rg6 32.Nd4+ Kb6 33.Nf5 
Nc3 34.Nxe7 Nxa2+ 35.Kb1 Nc3+ 36.Kc1 Rg2 37.Re1 Rxh2 38.Bg7 Na2+ 39.Kb1 
Nb4 40.Be5 Kb7 41.Nf5 Rxc2 0-1

[Event "11th Essent op"]
[Site "Hoogeveen NED"]
[Date "2007.10.13"]
[Round "2.29"]
[White "Vuilleumier, Alexandre"]
[Black "Fehr, Axel"]
[Result "1-0"]
[WhiteElo "2315"]
[BlackElo "2150"]
[EventDate "2007.10.12"]
[PlyCount "59"]

1.e4 g6 2.d4 Bg7 3.Nc3 d6 4.Bg5 h6 5.Bh4 a6 6.f4 b5 7.Nf3 Bb7 8.Bd3 Nf6 9.
e5 Nh5 10.e6 f5 11.Qd2 b4 12.Ne2 Bd5 13.Qxb4 O-O 14.Bc4 Nc6 15.Qc3 Bxf3 
16.Qxf3 Nxd4 17.Nxd4 Bxd4 18.c3 Bg7 19.O-O Nf6 20.Rae1 c5 21.Kh1 Kh7 22.
Rg1 Rb8 23.b3 Ne4 24.Bxa6 g5 25.fxg5 hxg5 26.Rxe4 fxe4 27.Qxe4+ Kg8 28.Bd3
Rf4 29.Qh7+ Kf8 30.Bxg5 1-0

[Event "11th Essent op"]
[Site "Hoogeveen NED"]
[Date "2007.10.13"]
[Round "2.30"]
[White "Vroombout, Enrico"]
[Black "Vedder, Richard"]
[Result "1/2-1/2"]
[WhiteElo "2141"]
[BlackElo "2297"]
[EventDate "2007.10.12"]
[PlyCount "107"]

1.e4 c5 2.Nf3 d6 3.d4 cxd4 4.Nxd4 Nf6 5.Nc3 a6 6.Be3 e6 7.a4 b6 8.Bd3 Nbd7
9.O-O Bb7 10.f4 Rc8 11.Qe2 Nc5 12.Bf2 Be7 13.Nb3 Nxd3 14.cxd3 O-O 15.Bd4 
Bc6 16.h3 Qc7 17.Rfc1 Qb8 18.Nd2 e5 19.Be3 exf4 20.Bxf4 Nd7 21.b4 Bf6 22.
Nc4 Ne5 23.b5 axb5 24.axb5 Nxc4 25.dxc4 Bd4+ 26.Kh1 Bb7 27.Qd3 Be5 28.Bxe5
dxe5 29.Nd5 Qd6 30.Qe3 Rc5 31.Ra7 Bxd5 32.cxd5 Rxb5 33.Rc6 Qb8 34.Rcc7 Ra5
35.Rab7 Qd8 36.Qxb6 Ra1+ 37.Kh2 Rf1 38.Qb4 g6 39.Qe7 Qa8 40.Ra7 Qb8 41.
Rab7 Qa8 42.Ra7 Qb8 43.Rcb7 Qc8 44.Qc7 Rc1 45.Qxc8 Rcxc8 46.Re7 Rce8 47.g4
h6 48.h4 g5 49.hxg5 hxg5 50.Kg3 Kg7 51.Rec7 Rb8 52.Ra3 Rb4 53.Kf3 Rh8 54.
Raa7 1/2-1/2

[Event "11th Essent op"]
[Site "Hoogeveen NED"]
[Date "2007.10.13"]
[Round "2.31"]
[White "Humphrey, Jonathan"]
[Black "Galje, Hans"]
[Result "1-0"]
[WhiteElo "2284"]
[BlackElo "2143"]
[EventDate "2007.10.12"]
[PlyCount "95"]

1.e4 e6 2.d4 d5 3.Nd2 Nf6 4.e5 Nfd7 5.c3 c5 6.Bd3 Nc6 7.Ne2 cxd4 8.cxd4 f6
9.exf6 Nxf6 10.O-O Bd6 11.Nf3 Qc7 12.g3 O-O 13.Bf4 Bd7 14.Rc1 Bxf4 15.Nxf4
Qb6 16.Qd2 Rae8 17.Rfe1 Re7 18.h4 Rfe8 19.Re2 e5 20.dxe5 Nxe5 21.Nxe5 Rxe5
22.Rce1 Qd6 23.Rxe5 Rxe5 24.Rd1 Bg4 25.Be2 Bxe2 26.Nxe2 Qa6 27.Nc3 Qc4 28.
Kg2 a6 29.Qd4 Qc7 30.Qf4 Qe7 31.Qf3 Qe6 32.Rd2 Rf5 33.Qd3 Re5 34.Ne2 Nh5 
35.Nd4 Qg4 36.Qf3 Qg6 37.Rc2 Nf6 38.Rc7 b5 39.Nc6 Re8 40.Ne7+ Rxe7 41.Rxe7
Qc2 42.Qf4 h6 43.Qb8+ Kh7 44.Qf8 Qg6 45.Qf7 d4 46.Qxg6+ Kxg6 47.Kf3 d3 48.
Re3 1-0

[Event "11th Essent op"]
[Site "Hoogeveen NED"]
[Date "2007.10.13"]
[Round "2.32"]
[White "Hoffman, Ron"]
[Black "Van Kooten, Luuk"]
[Result "1/2-1/2"]
[WhiteElo "2158"]
[BlackElo "2283"]
[EventDate "2007.10.12"]
[PlyCount "54"]

1.d4 Nf6 2.Nf3 e6 3.e3 c5 4.Bd3 b6 5.O-O Bb7 6.c4 Be7 7.Nc3 O-O 8.d5 exd5 
9.cxd5 d6 10.e4 Ba6 11.Re1 Bxd3 12.Qxd3 Nbd7 13.h3 a6 14.a4 Ne8 15.Nd2 Bg5
16.g3 Ne5 17.Qe2 Bxd2 18.Bxd2 c4 19.Be3 Rb8 20.Bd4 Nd3 21.Reb1 b5 22.axb5 
axb5 23.b3 Qc8 24.bxc4 Qxc4 25.Nxb5 Rxb5 26.Rxb5 Qxb5 27.Rd1 Qd7 1/2-1/2

[Event "11th Essent op"]
[Site "Hoogeveen NED"]
[Date "2007.10.13"]
[Round "2.33"]
[White "Friesen, Boris"]
[Black "Schuurman, Petra"]
[Result "0-1"]
[WhiteElo "2152"]
[BlackElo "2281"]
[EventDate "2007.10.12"]
[PlyCount "110"]

1.e4 c6 2.d4 d5 3.exd5 cxd5 4.c4 Nf6 5.Nc3 g6 6.Qb3 Bg7 7.cxd5 O-O 8.Be2 
Nbd7 9.Bf3 Nb6 10.Nge2 Bg4 11.Bxg4 Nxg4 12.a4 Nf6 13.Nf4 g5 14.Nd3 Nfxd5 
15.Bxg5 Bxd4 16.a5 Nxc3 17.bxc3 Bg7 18.O-O Qd5 19.Qxd5 Nxd5 20.Rab1 Rfc8 
21.Rxb7 Rxc3 22.Nf4 Nxf4 23.Bxf4 Ra3 24.Bd2 Ra2 25.Be1 e6 26.Rd7 Bf6 27.
Bb4 Ra4 28.Rb7 Rc8 29.Rd1 Bd4 30.g3 e5 31.Bd2 Ra2 32.Be3 Bxe3 33.fxe3 Rcc2
34.Rxa7 Rg2+ 35.Kh1 Rxh2+ 36.Kg1 Rhg2+ 37.Kh1 Rh2+ 38.Kg1 Rag2+ 39.Kf1 
Rxg3 40.Re7 Rxe3 41.Kg1 Ree2 42.Ra1 Reg2+ 43.Kf1 Rg5 44.Ra4 Kf8 45.Ra7 
Rgg2 46.Re4 Ra2 47.Kg1 Rhe2 48.Rxe2 Rxe2 49.a6 Ra2 50.Kf1 Kg7 51.Kg1 Kf6 
52.Kf1 h5 53.Ra8 Kg5 54.a7 Kf4 55.Rf8 Rxa7 0-1

[Event "11th Essent op"]
[Site "Hoogeveen NED"]
[Date "2007.10.13"]
[Round "2.34"]
[White "Borg, Andrew"]
[Black "Van Eijk, Sander"]
[Result "0-1"]
[WhiteElo "2116"]
[BlackElo "2275"]
[EventDate "2007.10.12"]
[PlyCount "78"]

1.Nf3 Nf6 2.c4 e6 3.g3 d5 4.d4 c5 5.cxd5 Nxd5 6.Bg2 Nc6 7.O-O Be7 8.Nc3 
Nxc3 9.bxc3 O-O 10.Rb1 Qa5 11.Qc2 Bf6 12.Bd2 Qd8 13.dxc5 e5 14.Rfd1 Qe7 
15.Be3 g6 16.Qa4 Bf5 17.Rbc1 Bg7 18.Rd6 Qc7 19.Rcd1 Rfd8 20.Bg5 Rdc8 21.
Nh4 Be6 22.Bd5 Bxd5 23.R6xd5 Qa5 24.Qb3 Rc7 25.e4 Rf8 26.Ng2 h6 27.Be3 Re8
28.Ne1 Qa6 29.a4 Qe2 30.Qb5 Qg4 31.f3 Qc8 32.Nc2 f5 33.Qd3 Rf7 34.Nb4 fxe4
35.fxe4 Qg4 36.Nxc6 bxc6 37.Rd7 Rf3 38.Qc4+ Kh7 39.Rd8 Rxe3 0-1

[Event "11th Essent op"]
[Site "Hoogeveen NED"]
[Date "2007.10.13"]
[Round "2.35"]
[White "Markus, John Raymond"]
[Black "Hendriks, Richard V"]
[Result "0-1"]
[WhiteElo "2264"]
[BlackElo "2125"]
[EventDate "2007.10.12"]
[PlyCount "104"]

1.d4 c5 2.c3 cxd4 3.cxd4 d5 4.Nc3 e5 5.e3 e4 6.Bd2 Nf6 7.Rc1 Nc6 8.Qb3 Be7
9.f3 O-O 10.a3 a6 11.fxe4 dxe4 12.Qc2 Re8 13.Nge2 Bd6 14.g3 Ng4 15.Bg2 f5 
16.O-O Qg5 17.Nf4 Qh6 18.h3 Nf6 19.h4 Kh8 20.Nce2 Ne7 21.Bb4 Bxb4 22.axb4 
Ng4 23.Qb3 g5 24.Qf7 Bd7 25.Rc7 gxf4 26.Nxf4 Bb5 27.Rxe7 Rxe7 28.Qxe7 Bxf1
29.Qxb7 Rg8 30.Bxf1 Nxe3 31.Ne2 Qxh4 32.Qc7 Qf6 33.Bh3 Ng4 34.d5 Qxb2 35.
Bxg4 Rxg4 36.Qc8+ Rg8 37.Qxf5 Qa1+ 38.Kh2 Qg7 39.Qxe4 Qh6+ 40.Kg2 Qf6 41.
Nd4 Rf8 42.Nf3 h6 43.Qd3 Qf5 44.Qe3 Rf6 45.d6 Qd7 46.Ne5 Qxd6 47.Qc5 Qxc5 
48.bxc5 Re6 49.Nf7+ Kg8 50.Nd8 Re8 51.Nb7 Rc8 52.Kf3 Rc7 0-1

[Event "11th Essent op"]
[Site "Hoogeveen NED"]
[Date "2007.10.13"]
[Round "2.36"]
[White "Van den Berg, Ad"]
[Black "Bok, Benjamin"]
[Result "0-1"]
[WhiteElo "2248"]
[BlackElo "2115"]
[EventDate "2007.10.12"]
[PlyCount "90"]

1.c4 Nf6 2.Nc3 d5 3.cxd5 Nxd5 4.e4 Nxc3 5.dxc3 Qxd1+ 6.Kxd1 e5 7.Be3 Be6 
8.Nf3 f6 9.Nd2 Nd7 10.Kc2 Bc5 11.Bxc5 Nxc5 12.b4 Nd7 13.Bc4 Ke7 14.a4 a5 
15.Bxe6 Kxe6 16.Nc4 axb4 17.cxb4 Ra7 18.a5 g6 19.Rhd1 Ke7 20.Rd5 c6 21.Rd3
b5 22.Ne3 Nf8 23.Kb2 Ne6 24.Rc1 Rd7 25.Rxd7+ Kxd7 26.Rd1+ Ke7 27.h4 h5 28.
g3 Ra8 29.Kc3 Rc8 30.Rd2 Nd4 31.Ra2 Ke6 32.f4 Rd8 33.Rf2 Rg8 34.Nc2 Nxc2 
35.Rxc2 Kd6 36.Kd3 Rc8 37.Ke3 c5 38.bxc5+ Rxc5 39.Rxc5 Kxc5 40.f5 gxf5 41.
exf5 b4 42.g4 b3 43.Kd2 b2 44.Kc2 hxg4 45.h5 g3 0-1

[Event "11th Essent op"]
[Site "Hoogeveen NED"]
[Date "2007.10.13"]
[Round "2.37"]
[White "Hamelink, Desiree"]
[Black "Fernandez, Daniel Howard"]
[Result "1-0"]
[WhiteElo "2202"]
[BlackElo "2102"]
[EventDate "2007.10.12"]
[PlyCount "57"]

1.e4 e5 2.Nf3 Nc6 3.Nc3 Nf6 4.d4 exd4 5.Nxd4 Bb4 6.Nxc6 bxc6 7.Bd3 O-O 8.
O-O Re8 9.Qf3 h6 10.a3 Bc5 11.Bf4 d5 12.h3 Rb8 13.e5 Nd7 14.Qg3 Kh8 15.e6 
Nf6 16.Bxc7 Nh5 17.Qh2 Qg5 18.exf7 Rf8 19.Bxb8 Rxf7 20.Rae1 Bd7 21.Na4 Bf8
22.Re5 Qh4 23.Bg6 Rf6 24.Rxh5 Qxa4 25.Bd3 Qa5 26.Be5 d4 27.Bxf6 Qxh5 28.
Bxd4 Qh4 29.Qb8 1-0

[Event "11th Essent op"]
[Site "Hoogeveen NED"]
[Date "2007.10.13"]
[Round "2.38"]
[White "Sadallah, Osama"]
[Black "Ahlers, Ben"]
[Result "1-0"]
[WhiteElo "2108"]
[BlackElo "2190"]
[EventDate "2007.10.12"]
[PlyCount "69"]

1.d4 Nf6 2.c4 g6 3.Nc3 Bg7 4.e4 d6 5.Nf3 O-O 6.Be2 e5 7.O-O Nc6 8.d5 Ne7 
9.b4 a5 10.Ba3 axb4 11.Bxb4 b6 12.a4 Ne8 13.Nb5 f5 14.Nd2 c6 15.dxc6 Nxc6 
16.Ba3 Be6 17.Bf3 Rc8 18.Rc1 Bh6 19.exf5 gxf5 20.Bd5 Rf6 21.Rc3 Bxd5 22.
cxd5 Ne7 23.Nc4 Ng6 24.Na7 Rc7 25.Nc6 Rxc6 26.dxc6 d5 27.Rd3 d4 28.Re1 Qd5
29.Qb3 Rxc6 30.Nxe5 Qxb3 31.Rxb3 Nxe5 32.Rxe5 Nd6 33.Re6 Bf8 34.g3 Kf7 35.
Re1 1-0

[Event "11th Essent op"]
[Site "Hoogeveen NED"]
[Date "2007.10.14"]
[Round "3.1"]
[White "Winants, Luc"]
[Black "Postny, Evgeny"]
[Result "1/2-1/2"]
[WhiteElo "2504"]
[BlackElo "2598"]
[EventDate "2007.10.12"]
[PlyCount "67"]

1.d4 Nf6 2.Nf3 d5 3.c4 c6 4.Nc3 a6 5.c5 Nbd7 6.Bf4 Nh5 7.Bg5 h6 8.Bd2 Nhf6
9.Qc2 g6 10.Bf4 Bg7 11.e3 Nh5 12.Bd3 Nxf4 13.exf4 g5 14.g3 b6 15.cxb6 Qxb6
16.Na4 Qb4+ 17.Ke2 gxf4 18.gxf4 c5 19.Nxc5 Bxd4 20.Nxd4 Qxd4 21.Nxd7 Bxd7 
22.Qc3 Qxc3 23.bxc3 e6 24.Rhb1 Ke7 25.Rb7 Rhc8 26.Kd2 Rg8 27.Rab1 Rg2 28.
Ke3 Rxh2 29.R1b6 Ke8 30.Bxa6 Rh1 31.Rc7 Kd8 32.Rcb7 Ke8 33.Rc7 Kd8 34.Rcb7
1/2-1/2

[Event "11th Essent op"]
[Site "Hoogeveen NED"]
[Date "2007.10.14"]
[Round "3.3"]
[White "Smerdon, David"]
[Black "Nijboer, Friso"]
[Result "1/2-1/2"]
[WhiteElo "2466"]
[BlackElo "2559"]
[EventDate "2007.10.12"]
[PlyCount "95"]

1.e4 c5 2.c3 Nf6 3.e5 Nd5 4.d4 cxd4 5.Nf3 Nc6 6.cxd4 d6 7.Bc4 Nb6 8.Bb5 
Bd7 9.Nc3 dxe5 10.dxe5 g6 11.h3 Bg7 12.Bf4 O-O 13.O-O Be6 14.Rc1 Nd5 15.
Qa4 Nxf4 16.Qxf4 Qb6 17.Bxc6 bxc6 18.b3 Bd5 19.Rfd1 Bxf3 20.Qxf3 Bxe5 21.
Na4 Qb4 22.Qxc6 Rad8 23.Nc5 Rxd1+ 24.Rxd1 Qc3 25.Qd5 Bg7 26.Ne4 Qc7 27.b4 
e6 28.Qc5 Qb7 29.Qc4 Rc8 30.Nc5 Bf8 31.Rd8 Qc7 32.Rxc8 Qxc8 33.Qd4 Qc7 34.
g3 Bd6 35.Ne4 Be5 36.Qc5 Qxc5 37.Nxc5 Bd4 38.Kf1 Kf8 39.Ke2 Ke7 40.Ne4 f5 
41.Ng5 h6 42.Nf3 Bc3 43.b5 Kd6 44.Kd3 Ba5 45.Nd4 e5 46.Nc6 Bb6 47.f3 a5 
48.f4 1/2-1/2

[Event "11th Essent op"]
[Site "Hoogeveen NED"]
[Date "2007.10.14"]
[Round "3.4"]
[White "Peng, Zhaoqin"]
[Black "Gofshtein, Leonid D"]
[Result "1/2-1/2"]
[WhiteElo "2419"]
[BlackElo "2541"]
[EventDate "2007.10.12"]
[PlyCount "92"]

1.d4 d6 2.Nf3 f5 3.Nc3 Nf6 4.Bg5 d5 5.Bxf6 exf6 6.e3 Be6 7.Bd3 Qd7 8.Ne2 
Nc6 9.a3 Bd6 10.Nd2 Ne7 11.b3 c6 12.c4 O-O 13.Qc2 Rac8 14.c5 Bc7 15.b4 g5 
16.f4 Bf7 17.Nf3 h6 18.O-O Rce8 19.Rae1 Kh8 20.Kh1 Rg8 21.Ng3 Be6 22.Nd2 
Ref8 23.Rf2 Qe8 24.Ndf1 Qg6 25.Qd1 Qh7 26.Nh5 Bd7 27.Nhg3 Be8 28.Qb1 Bg6 
29.b5 h5 30.bxc6 h4 31.Ne2 bxc6 32.Qb7 Bb8 33.Nd2 Qf7 34.Nf3 Qe6 35.Rff1 
Bh5 36.Neg1 Rg7 37.Qb1 Rfg8 38.Rf2 Rf8 39.Rb2 Qg8 40.Rf1 Bg4 41.Ne1 gxf4 
42.exf4 Ng6 43.Bxf5 Nxf4 44.Bxg4 Rxg4 45.Qf5 Rg5 46.Qd7 Qe6 1/2-1/2

[Event "11th Essent op"]
[Site "Hoogeveen NED"]
[Date "2007.10.14"]
[Round "3.5"]
[White "Abergel, Thal"]
[Black "Simutowe, Amon"]
[Result "0-1"]
[WhiteElo "2528"]
[BlackElo "2421"]
[EventDate "2007.10.12"]
[PlyCount "72"]

1.e4 c6 2.d4 d5 3.Nc3 dxe4 4.Nxe4 Bf5 5.Ng3 Bg6 6.h4 h6 7.Nf3 Nd7 8.h5 Bh7
9.Bd3 Bxd3 10.Qxd3 Ngf6 11.Bf4 Qa5+ 12.Bd2 Qc7 13.O-O-O e6 14.c4 O-O-O 15.
Ne4 c5 16.Nxf6 Nxf6 17.Be3 cxd4 18.Bxd4 Bc5 19.Qc3 Bxd4 20.Rxd4 Rxd4 21.
Qxd4 Rd8 22.Qh4 Rd5 23.Re1 Rxh5 24.Qd4 Rd5 25.Qc3 Rc5 26.b3 b5 27.Nd2 bxc4
28.bxc4 Qf4 29.f3 Nd5 30.Qb3 Nb6 31.Re4 Qc7 32.Kd1 Rc6 33.f4 Rd6 34.Qb4 f5
35.c5 Rxd2+ 36.Kxd2 Nd5 0-1

[Event "11th Essent op"]
[Site "Hoogeveen NED"]
[Date "2007.10.14"]
[Round "3.6"]
[White "l`Ami, Erwin"]
[Black "De Jong, Migchiel"]
[Result "1-0"]
[WhiteElo "2577"]
[BlackElo "2341"]
[EventDate "2007.10.12"]
[PlyCount "145"]

1.e4 c5 2.Nf3 e6 3.d4 cxd4 4.Nxd4 a6 5.Bd3 Ne7 6.O-O Nbc6 7.Nxc6 Nxc6 8.
Qg4 h5 9.Qe2 Ne5 10.Nd2 Qc7 11.Nf3 Ng4 12.h3 Bd6 13.Bd2 b6 14.b4 Bb7 15.c4
f6 16.Rac1 Bh2+ 17.Kh1 Bf4 18.Bxf4 Qxf4 19.g3 Qh6 20.Kg2 Ne5 21.Nxe5 fxe5 
22.b5 h4 23.g4 O-O 24.c5 axb5 25.cxb6 Qf4 26.Rc3 Ra4 27.Kg1 Bc6 28.Rb1 Rb8
29.Bxb5 Rxb6 30.Bd3 Rxb1+ 31.Bxb1 Rd4 32.Re3 Rb4 33.Bd3 Ra4 34.Kg2 Ra3 35.
Bb1 Ra4 36.Qf3 g5 37.Qd1 Rd4 38.Qc1 Kg7 39.Qc5 Qf8 40.Qxe5+ Qf6 41.Qc5 e5 
42.Bc2 Qd6 43.Qxd6 Rxd6 44.Rc3 Rd4 45.Kf3 Kf6 46.a3 Bb5 47.Kg2 Bc6 48.Kf3 
Bb5 49.Kg2 Bc6 50.Re3 Rd2 51.Bb3 Rd4 52.Kf3 Bb5 53.Kg2 Rd3 54.Kf3 Ke7 55.
Rxd3 Bxd3 56.Ke3 Bf1 57.f3 Kd6 58.Bd1 Ba6 59.Be2 Bc8 60.a4 Kc5 61.a5 Bb7 
62.Kd2 Kd4 63.Bb5 Bc8 64.a6 Kc5 65.a7 Bb7 66.Bxd7 Kb6 67.f4 exf4 68.e5 Kc7
69.e6 Kd6 70.Kd3 f3 71.Ke3 Ba8 72.Ba4 Kxe6 73.Bd1 1-0

[Event "11th Essent op"]
[Site "Hoogeveen NED"]
[Date "2007.10.14"]
[Round "3.7"]
[White "Smeets, Jan"]
[Black "Ris, Robert"]
[Result "1-0"]
[WhiteElo "2558"]
[BlackElo "2381"]
[EventDate "2007.10.12"]
[PlyCount "49"]

1.e4 e5 2.Nf3 Nc6 3.Bb5 a6 4.Ba4 Nf6 5.O-O b5 6.Bb3 Bc5 7.a4 Rb8 8.c3 d6 
9.d4 Bb6 10.a5 Ba7 11.Be3 Bg4 12.Nbd2 O-O 13.h3 Bh5 14.dxe5 dxe5 15.Bxa7 
Nxa7 16.g4 Nxg4 17.hxg4 Bxg4 18.Kg2 Qf6 19.Qe1 Rbd8 20.Qe3 Nc6 21.Nh2 Qh4 
22.Ndf3 Qh3+ 23.Kh1 Rd6 24.Rg1 Rg6 25.Bd5 1-0

[Event "11th Essent op"]
[Site "Hoogeveen NED"]
[Date "2007.10.14"]
[Round "3.8"]
[White "Vedder, Henk"]
[Black "Reinderman, Dimitri"]
[Result "1/2-1/2"]
[WhiteElo "2364"]
[BlackElo "2510"]
[EventDate "2007.10.12"]
[PlyCount "107"]

1.e4 e5 2.Nf3 Nc6 3.d4 exd4 4.Nxd4 Nf6 5.Nc3 Bb4 6.Nxc6 bxc6 7.Bd3 d5 8.
exd5 cxd5 9.O-O O-O 10.Bg5 c6 11.Na4 h6 12.Bh4 Re8 13.c3 Bd6 14.Re1 Re6 
15.Bc2 Qe7 16.Bg3 c5 17.Rxe6 Bxe6 18.Qd3 Bd7 19.c4 Bxg3 20.hxg3 d4 21.b4 
cxb4 22.Qxd4 Re8 23.Rf1 Bc6 24.Bb3 Qd7 25.Qxd7 Nxd7 26.Rd1 Kf8 27.f3 Re6 
28.Kf2 Ke7 29.Nb2 Nc5 30.Nd3 Nxd3+ 31.Rxd3 a5 32.c5 Re5 33.Re3 Kf6 34.Rxe5
Kxe5 35.Ke3 f5 36.Bg8 g5 37.Kd3 h5 38.Kc4 h4 39.f4+ gxf4 40.gxf4+ Kxf4 41.
Bd5 Bxd5+ 42.Kxd5 a4 43.c6 b3 44.axb3 axb3 45.c7 b2 46.c8=Q b1=Q 47.Qc7+ 
Ke3 48.Qc5+ Ke2 49.Qc4+ Qd3+ 50.Qxd3+ Kxd3 51.Ke5 Ke3 52.Kxf5 Kf2 53.Kg4 
Kxg2 54.Kxh4 1/2-1/2

[Event "11th Essent op"]
[Site "Hoogeveen NED"]
[Date "2007.10.14"]
[Round "3.9"]
[White "Rasmussen, Allan Stig"]
[Black "Christensen, Stefan"]
[Result "1/2-1/2"]
[WhiteElo "2485"]
[BlackElo "2304"]
[EventDate "2007.10.12"]
[PlyCount "56"]

1.e4 e6 2.d4 d5 3.Nc3 Bb4 4.e5 c5 5.a3 Ba5 6.b4 cxd4 7.Qg4 Ne7 8.bxa5 dxc3
9.Qxg7 Rg8 10.Qxh7 Nbc6 11.Nf3 Qxa5 12.Ng5 Rf8 13.f4 Bd7 14.Be2 Nd4 15.
Nxf7 Rxf7 16.Qh8+ Ng8 17.Qxg8+ Ke7 18.Qg5+ Kf8 19.Qh6+ Kg8 20.Bd3 Bb5 21.
Bg6 Rg7 22.Be3 Qa4 23.Rc1 Qc4 24.Bd3 Nxc2+ 25.Rxc2 Qxd3 26.Qxe6+ Kh8 27.
Qh6+ Kg8 28.Qe6+ Kh8 1/2-1/2

[Event "11th Essent op"]
[Site "Hoogeveen NED"]
[Date "2007.10.14"]
[Round "3.11"]
[White "Miedema, David"]
[Black "Van Delft, Merijn"]
[Result "1-0"]
[WhiteElo "2303"]
[BlackElo "2418"]
[EventDate "2007.10.12"]
[PlyCount "89"]

1.d4 Nf6 2.c4 g6 3.Nc3 Bg7 4.e4 d6 5.f3 O-O 6.Be3 c5 7.dxc5 dxc5 8.Qxd8 
Rxd8 9.Bxc5 Nc6 10.Nge2 Nd7 11.Bf2 Nde5 12.Nf4 Bh6 13.Bg3 e6 14.Be2 b6 15.
Kf2 Bg7 16.Rhd1 Ba6 17.Nb5 Bxb5 18.cxb5 Nd4 19.b3 Rac8 20.Rd2 Nxe2 21.
Rxd8+ Rxd8 22.Kxe2 Rc8 23.Rd1 Rc2+ 24.Rd2 Rxd2+ 25.Kxd2 Bh6 26.Kc2 Bxf4 
27.Bxf4 Nd7 28.Bd6 f6 29.Kd3 Kf7 30.Kd4 h5 31.f4 f5 32.e5 Ke8 33.Ke3 Kf7 
34.Kf3 h4 35.g3 Kg7 36.g4 Kf7 37.g5 Kg7 38.Kg2 Kf7 39.Kh3 Kg7 40.Kxh4 Kf7 
41.Kg3 Kg7 42.h4 Kf7 43.h5 gxh5 44.Kh4 Kg6 45.b4 1-0

[Event "11th Essent op"]
[Site "Hoogeveen NED"]
[Date "2007.10.14"]
[Round "3.12"]
[White "Willemze, Thomas"]
[Black "Akotchik, Victor"]
[Result "1-0"]
[WhiteElo "2417"]
[BlackElo "2015"]
[EventDate "2007.10.12"]
[PlyCount "67"]

1.e4 d5 2.exd5 Nf6 3.c4 c6 4.d4 cxd5 5.Nc3 e6 6.Nf3 Bb4 7.cxd5 Nxd5 8.Qc2 
Nc6 9.a3 Be7 10.Bd3 h6 11.O-O O-O 12.Be3 a6 13.Rad1 Nxc3 14.Qxc3 Bf6 15.
Bb1 h5 16.Ne5 Ne7 17.Rfe1 b5 18.Qd3 g6 19.Bh6 Re8 20.Qe4 Ra7 21.Qf3 Nf5 
22.Bxf5 exf5 23.Nc6 Bb7 24.d5 Bxc6 25.dxc6 Rae7 26.Re3 Rxe3 27.Bxe3 Qc8 
28.Bf4 Bxb2 29.c7 Bf6 30.h3 Kg7 31.Qc6 Re6 32.Rd6 g5 33.Rxe6 fxe6 34.Qb6 
1-0

[Event "11th Essent op"]
[Site "Hoogeveen NED"]
[Date "2007.10.14"]
[Round "3.13"]
[White "Hillarp Persson, Tiger"]
[Black "Schuurman, Petra"]
[Result "1-0"]
[WhiteElo "2567"]
[BlackElo "2281"]
[EventDate "2007.10.12"]
[PlyCount "111"]

1.e4 c6 2.d4 d5 3.e5 Bf5 4.Nf3 e6 5.Be2 Nd7 6.O-O Nh6 7.Nbd2 Bg6 8.c3 f6 
9.c4 Be7 10.Nb3 O-O 11.cxd5 cxd5 12.Bxh6 gxh6 13.Rc1 Qb6 14.Rc3 fxe5 15.
dxe5 Rac8 16.Qc1 Rxc3 17.bxc3 Rc8 18.Qxh6 Rxc3 19.h4 Rxf3 20.Bxf3 Nxe5 21.
Be2 Nf7 22.Qf4 e5 23.Qg3 Kf8 24.Rc1 Bf5 25.Bg4 Qe6 26.Bxf5 Qxf5 27.Rd1 d4 
28.Rd3 Qe4 29.Nd2 Qe2 30.Nf1 Bxh4 31.Qf3 Qxa2 32.g3 Be7 33.Qxb7 Qe2 34.Rf3
Qc4 35.Nd2 Qe6 36.Ne4 Kg7 37.Qb3 Qxb3 38.Rxb3 a5 39.Rb7 Kf8 40.Ra7 Bb4 41.
Kf1 d3 42.Rd7 h6 43.Rxd3 Ke7 44.Rd5 Ke6 45.Rb5 Kf5 46.f3 Ng5 47.Nxg5 hxg5 
48.Ke2 Bc3 49.Ke3 g4 50.f4 a4 51.Kd3 Bd4 52.Ra5 Bf2 53.Rxe5+ Kf6 54.Ke4 a3
55.Ra5 Bxg3 56.Ra6+ 1-0